000 00438nam a22001697a 4500
020 _a90036209x
082 _a332.17
100 _aClemens, J.H.
245 _aBalance sheets and the lending banker
250 _a4th ed.
260 _aLondon
_bEuropa
_c1968
300 _a271p
_billl,:25cm
500 _aInclude Appendix, Glossary and Index
650 _aBalance sheets and the lending banker
700 _aClemens, J.H.
942 _cBK
999 _c15201
_d15201